书目信息 |
| 题名: |
新家居材料注释细节1000例
|
|
| 作者: | 安雅宁 主编 | |
| 分册: | 客厅 餐厅 | |
| 出版信息: | 北京 中国轻工业出版社 2011.02 |
|
| 页数: | 80页 | |
| 开本: | 29cm | |
| 丛书名: | ||
| 单 册: | ||
| 中图分类: | TU56 | |
| 科图分类: | ||
| 主题词: | 住宅--zhu zhai--室内装修--装饰材料 , 住宅--zhu zhai--客厅--室内装修--装饰材料 , 住宅餐厅--zhu zhai can ting--室内装修--装饰材料 , 建筑材料:涂料 , 建筑材料:装饰材料 | |
| 电子资源: | ||
| ISBN: | 978-7-5019-7958-5 | |
| 000 | 01040nam 2200277 450 | |
| 001 | 1177817591 | |
| 005 | 20111110140939.79 | |
| 010 | @a978-7-5019-7958-5@dCNY28.00@z7-5019-7958-8 | |
| 100 | @a20110120d2011 em y0chiy50 ea | |
| 101 | 0 | @achi |
| 102 | @aCN@b110000 | |
| 105 | @aak z 000yy | |
| 200 | 1 | @a新家居材料注释细节1000例@Axin jia ju cai liao zhu shi xi jie 1000 li@i客厅 餐厅@f安雅宁主编@Fan ya ning zhu bian |
| 210 | @a北京@c中国轻工业出版社@d2011.02 | |
| 215 | @a80页@c彩图@d29cm | |
| 330 | @a本书分别介绍了客厅和餐厅, 其内容有防盗门选购、水泥、沙子选购、吊顶龙骨选购、瓷砖选购、简约实用风格为首选、装修中的“三省”、门窗怎样才省钱等。 | |
| 517 | 1 | @a客厅 餐厅@Ake ting can ting |
| 606 | 0 | @a住宅@Azhu zhai@x室内装修@x装饰材料 |
| 606 | 0 | @a住宅@Azhu zhai@x客厅@x室内装修@x装饰材料 |
| 606 | 0 | @a住宅餐厅@Azhu zhai can ting@x室内装修@x装饰材料 |
| 606 | 0 | @a建筑材料:涂料 |
| 606 | 0 | @a建筑材料:装饰材料 |
| 690 | @aTU56@v4 | |
| 701 | 0 | @a安雅宁@Aan ya ning@4主编 |
| 801 | 0 | @aCN@c20110120 |
| 905 | @dTU56@eA702 | |
| 新家居材料注释细节1000例.客厅 餐厅/安雅宁主编.-北京:中国轻工业出版社,2011.02 |
| 80页:彩图;29cm |
| ISBN 978-7-5019-7958-5:CNY28.00 |
| 本书分别介绍了客厅和餐厅, 其内容有防盗门选购、水泥、沙子选购、吊顶龙骨选购、瓷砖选购、简约实用风格为首选、装修中的“三省”、门窗怎样才省钱等。 |
| ● |
| 相关链接 |
|
|
|
正题名:新家居材料注释细节1000例
索取号:TU56/A702
 
预约/预借
| 序号 | 登录号 | 条形码 | 馆藏地/架位号 | 状态 | 备注 |
| 1 | 1220225 | 212202258 | 建筑库201/201建筑库 9排2列5层/ [索取号:TU56/A702] | 在馆 | |
| 2 | 1220226 | 212202267 | 建筑库201/201建筑库 9排2列5层/ [索取号:TU56/A702] | 在馆 | |
| 3 | 1220227 | 212202276 | 建筑库201/201建筑库 9排2列5层/ [索取号:TU56/A702] | 在馆 |